[Event "SLO-chT2 East"]
[Site "Slovenia"]
[Date "2018.09.15"]
[Round "1"]
[White "Ramsak, Igor"]
[Black "Grilc, Andrej"]
[Result "1-0"]
[WhiteElo "1706"]
[BlackElo "2116"]
[PlyCount "67"]
[EventDate "2018.09.15"]
[EventType "team-tourn"]
[EventRounds "9"]
[EventCountry "SLO"]
[SourceTitle "EXT 2021"]
[Source "ChessBase"]
[SourceDate "2020.10.23"]
[SourceVersion "1"]
[SourceVersionDate "2020.10.23"]
[SourceQuality "1"]
[WhiteTeam "Kamnica"]
[BlackTeam "Sevnica Majcen"]
[WhiteTeamCountry "SLO"]
[BlackTeamCountry "SLO"]

1. d4 Nf6 2. Nf3 g6 3. g3 Bg7 4. Bg2 0-0 5. 0-0 d6 6. b3 Nc6 7. Bb2 Nd7 8. Nbd2 e5 9. dxe5 Ndxe5 10. Nxe5 Nxe5 11. c4 Nf3+ 12. Nxf3 Bxb2 13. Rb1 Bg7 14. Nd4 Re8 15. e3 c6 16. Qd2 Qf6 17. h3 Bf8 18. Rbd1 h5 19. Rfe1 a5 20. Qc2 a4 21. b4 a3 22. b5 Bd7 23. bxc6 bxc6 24. Nxc6 Rec8 25. Nd4 Ra4 26. Bd5 Rb4 27. Rb1 Rxb1 28. Rxb1 Bxh3 29. Qe4 Rc7 30. Rb8 Re7 31. Qd3 h4 32. Ne2 Qa1+ 33. Kh2 Qf1 34. Qxg6+ 1-0

[Event "SLO-chT1 East"]
[Site "Slovenia"]
[Date "2017.09.29"]
[Round "1"]
[White "Grilc, Andrej"]
[Black "Skuhala, Barbara"]
[Result "1-0"]
[WhiteElo "2081"]
[BlackElo "2023"]
[PlyCount "55"]
[EventDate "2017.09.29"]
[EventType "team-tourn"]
[EventRounds "9"]
[EventCountry "SLO"]
[SourceTitle "EXT 2019"]
[Source "ChessBase"]
[SourceDate "2018.10.10"]
[SourceVersion "1"]
[SourceVersionDate "2018.10.10"]
[SourceQuality "1"]
[WhiteTeam "Milan Majcen Sevnica"]
[BlackTeam "Pomgrad Radenska II"]
[WhiteTeamCountry "SLO"]
[BlackTeamCountry "SLO"]

1. d4 Nf6 2. Nc3 d5 3. Bg5 e6 4. e4 Bb4 5. e5 h6 6. Bh4 g5 7. Bg3 Ne4 8. Nge2 c5 9. f3 Nxg3 10. Nxg3 Qa5 11. Nge2 cxd4 12. Qxd4 Nc6 13. Qd2 0-0 14. a3 Bxc3 15. bxc3 Nxe5 16. h4 Nc4 17. Qc1 f6 18. hxg5 hxg5 19. f4 f5 20. fxg5 f4 21. Rb1 e5 22. Rb4 Bg4 23. Rh4 Bf5 24. Ng3 Ne3 25. Nxf5 Nxf5 26. Rh3 Qc7 27. Qd1 Qf7 28. g6 1-0

[Event "SLO-chT1 East"]
[Site "Slovenia"]
[Date "2016.11.25"]
[Round "7"]
[White "Pukl, Daniel"]
[Black "Grilc, Andrej"]
[Result "0-1"]
[WhiteElo "2019"]
[BlackElo "2082"]
[PlyCount "48"]
[EventDate "2016.09.23"]
[EventType "team-tourn"]
[EventRounds "9"]
[EventCountry "SLO"]
[SourceTitle "EXT 2019"]
[Source "ChessBase"]
[SourceDate "2018.10.10"]
[SourceVersion "1"]
[SourceVersionDate "2018.10.10"]
[SourceQuality "1"]
[WhiteTeam "Lendava Rokada"]
[BlackTeam "Sevnica Majcen"]
[WhiteTeamCountry "SLO"]
[BlackTeamCountry "SLO"]

1. d4 Nf6 2. c4 g6 3. Nc3 Bg7 4. e4 d6 5. h3 0-0 6. Nf3 Nbd7 7. Be3 e5 8. dxe5 dxe5 9. Be2 c6 10. 0-0 Qe7 11. Qc2 Nh5 12. Rfe1 Nf4 13. Bf1 Nc5 14. b4 Nce6 15. Rab1 Nd4 16. Nxd4 Nxh3+ 17. gxh3 exd4 18. Bf4 dxc3 19. c5 Re8 20. Rbd1 a5 21. a3 Be6 22. e5 axb4 23. axb4 Qh4 24. Rd4 Ra2 0-1

[Event "SLO-chT1 East"]
[Site "Slovenia"]
[Date "2016.11.12"]
[Round "5"]
[White "Grilc, Andrej"]
[Black "Hercog, Nusa"]
[Result "0-1"]
[WhiteElo "2082"]
[BlackElo "1961"]
[PlyCount "86"]
[EventDate "2016.09.23"]
[EventType "team-tourn"]
[EventRounds "9"]
[EventCountry "SLO"]
[SourceTitle "EXT 2019"]
[Source "ChessBase"]
[SourceDate "2018.10.10"]
[SourceVersion "1"]
[SourceVersionDate "2018.10.10"]
[SourceQuality "1"]
[WhiteTeam "Sevnica Majcen"]
[BlackTeam "Celjski"]
[WhiteTeamCountry "SLO"]
[BlackTeamCountry "SLO"]

1. d4 d5 2. Nc3 Nf6 3. Bg5 c6 4. Nf3 Bf5 5. e3 e6 6. Be2 Nbd7 7. 0-0 h6 8. Bxf6 Qxf6 9. Nd2 Qg6 10. Rc1 Bd6 11. Kh1 Qh7 12. f4 g5 13. Bg4 gxf4 14. Bxf5 Qxf5 15. e4 dxe4 16. Ncxe4 Bc7 17. Qf3 Qd5 18. Nb3 0-0-0 19. c4 Qf5 20. Rfd1 Kb8 21. a4 Rhg8 22. a5 a6 23. Nbc5 Nxc5 24. Nxc5 Bd6 25. Nxa6+ bxa6 26. Qxc6 Bc7 27. Rc3 Qh5 28. Rf3 Rg3 29. Rdd3 Rxf3 30. Rxf3 Qxa5 31. h3 Qa1+ 32. Kh2 Qxb2 33. Qa4 Qxd4 34. Qxa6 Qb6 35. Qa4 Qd4 36. Qa6 Bb6 37. c5 Qxc5 38. Rf1 Qc6 39. Rb1 Kc7 40. Qf1 Be3 41. Rb4 Kd7 42. Qd3+ Ke7 43. Qb1 Qc1 0-1

[Event "SLO-chT1 East"]
[Site "Slovenia"]
[Date "2015.11.28"]
[Round "8"]
[White "Jusic, Zdenko"]
[Black "Grilc, Andrej"]
[Result "0-1"]
[WhiteElo "2280"]
[BlackElo "2054"]
[PlyCount "42"]
[EventDate "2015.10.16"]
[EventType "team-tourn"]
[EventRounds "9"]
[EventCountry "SLO"]
[SourceTitle "EXT 2019"]
[Source "ChessBase"]
[SourceDate "2018.10.10"]
[SourceVersion "1"]
[SourceVersionDate "2018.10.10"]
[SourceQuality "1"]
[WhiteTeam "Zagorje ob Savi"]
[BlackTeam "Milan Majcen Sevnica"]
[WhiteTeamCountry "SLO"]
[BlackTeamCountry "SLO"]

1. e4 Nf6 2. d3 c5 3. g4 d6 4. g5 Nfd7 5. f4 Nc6 6. h4 Nb6 7. a4 a5 8. Nc3 d5 9. Bg2 d4 10. Nb5 Bd7 11. c4 dxc3 12. bxc3 e5 13. fxe5 Nxe5 14. d4 Bxb5 15. axb5 cxd4 16. cxd4 Bb4+ 17. Ke2 Bc3 18. Be3 Bxa1 19. Qxa1 Nec4 20. Bf4 Qd7 21. Nf3 Qg4 0-1

[Event "SLO-CupT"]
[Site "Novo Mesto"]
[Date "2015.03.28"]
[Round "3"]
[White "Rifelj, Luka"]
[Black "Grilc, Andrej"]
[Result "1/2-1/2"]
[WhiteElo "1934"]
[BlackElo "2076"]
[PlyCount "110"]
[EventDate "2015.03.27"]
[EventType "team-swiss"]
[EventRounds "5"]
[EventCountry "SLO"]
[SourceTitle "EXT 2019"]
[Source "ChessBase"]
[SourceDate "2018.10.10"]
[SourceVersion "1"]
[SourceVersionDate "2018.10.10"]
[SourceQuality "1"]
[WhiteTeam "Novo Mesto Krka II"]
[BlackTeam "Milan Majcen Sevnica"]
[WhiteTeamCountry "SLO"]
[BlackTeamCountry "SLO"]

1. d4 Nf6 2. c4 g6 3. Nc3 Bg7 4. e4 d6 5. Nf3 0-0 6. Be2 e5 7. 0-0 Nbd7 8. Be3 Ng4 9. Bg5 f6 10. Bh4 Nh6 11. dxe5 dxe5 12. h3 c6 13. b4 Qe7 14. a3 g5 15. Bg3 f5 16. Nd2 Nf6 17. Bf3 f4 18. Bh2 g4 19. hxg4 Bxg4 20. Qe2 Rad8 21. Rfd1 Qf7 22. c5 Be6 23. Nf1 Bc4 24. Qb2 Nhg4 25. Bxg4 Nxg4 26. f3 Bxf1 27. fxg4 Bc4 28. Rd6 Rxd6 29. cxd6 Qd7 30. Rd1 f3 31. Qf2 fxg2 32. Qxg2 Be6 33. Bg3 Bxg4 34. Rd3 Bh3 35. Qd2 Qf7 36. Bf2 Bg4 37. Qe1 Bf3 38. Bg3 Qh5 39. Bh4 Qg4+ 40. Qg3 Qxg3+ 41. Bxg3 Bg4 42. Bh4 Bd7 43. Be7 Rf4 44. b5 Kf7 45. bxc6 bxc6 46. Na4 Rxe4 47. Nc5 Rg4+ 48. Kh1 e4 49. Rd1 Ke8 50. Rb1 Bf5 51. Rb8+ Kf7 52. Rb7 Ke8 53. Rb8+ Kf7 54. Rb7 Ke8 55. Rb8+ Kf7 1/2-1/2

[Event "SLO-chT1 Ost"]
[Site "Maribor"]
[Date "2012.10.19"]
[Round "6"]
[White "Vombek, Danijel"]
[Black "Grilc, Andrej"]
[Result "1-0"]
[WhiteElo "2305"]
[BlackElo "2105"]
[PlyCount "43"]
[EventDate "2012.10.11"]
[EventType "team-tourn"]
[EventRounds "9"]
[EventCountry "SLO"]
[SourceTitle "EXT 2022"]
[Source "ChessBase"]
[SourceDate "2021.10.06"]
[SourceVersion "1"]
[SourceVersionDate "2021.10.06"]
[SourceQuality "1"]

1. e4 Nf6 2. d3 d5 3. e5 Nfd7 4. f4 c5 5. Nf3 Nb6 6. g3 Nc6 7. h3 e6 8. Bg2 Be7 9. 0-0 Bd7 10. Qe2 Qc7 11. b3 d4 12. Nbd2 Nb4 13. Ne4 Bc6 14. Ne1 N4d5 15. Bd2 Nd7 16. Nf3 b5 17. Rae1 0-0-0 18. Neg5 Bxg5 19. Nxg5 N7b6 20. Ne4 Bb7 21. Nd6+ Kb8 22. Nxb5 1-0

[Event "SLO-chT1 Ost"]
[Site "Maribor"]
[Date "2012.10.13"]
[Round "3"]
[White "Kovac, Mitja"]
[Black "Grilc, Andrej"]
[Result "1-0"]
[WhiteElo "2156"]
[BlackElo "2105"]
[PlyCount "45"]
[EventDate "2012.10.11"]
[EventType "team-tourn"]
[EventRounds "9"]
[EventCountry "SLO"]
[SourceTitle "EXT 2022"]
[Source "ChessBase"]
[SourceDate "2021.10.06"]
[SourceVersion "1"]
[SourceVersionDate "2021.10.06"]
[SourceQuality "1"]

1. e4 Nf6 2. e5 Nd5 3. d4 d6 4. Nf3 g6 5. Bc4 Nb6 6. Bb3 Bg7 7. Ng5 d5 8. f4 0-0 9. 0-0 Nc6 10. c3 a5 11. Bc2 f6 12. Nxh7 f5 13. Nxf8 Qxf8 14. a4 Nd8 15. Nd2 Ne6 16. Nf3 Bh6 17. Nh4 Kh7 18. Rf3 Bd7 19. Rh3 Ng7 20. g4 fxg4 21. Nxg6 Qf7 22. Nxe7+ Nf5 23. Qxg4 1-0

[Event "SLO-chT1 Ost"]
[Site "Sentjur"]
[Date "2010.11.05"]
[Round "2"]
[White "Grilc, Andrej"]
[Black "Ivanec, Dezider"]
[Result "0-1"]
[WhiteElo "2096"]
[BlackElo "2180"]
[PlyCount "58"]
[EventDate "2010.11.04"]
[EventType "team-tourn"]
[EventRounds "9"]
[EventCountry "SLO"]
[SourceTitle "EXT 2022"]
[Source "ChessBase"]
[SourceDate "2021.10.06"]
[SourceVersion "1"]
[SourceVersionDate "2021.10.06"]
[SourceQuality "1"]
[WhiteTeam "Milan Majcen Sevnica"]
[BlackTeam "Lendava Rokada"]
[WhiteTeamCountry "SLO"]
[BlackTeamCountry "SLO"]

1. e4 c5 2. Nf3 g6 3. d4 cxd4 4. Nxd4 Nc6 5. Nc3 Bg7 6. Be3 Nf6 7. Bc4 0-0 8. Bb3 d6 9. f3 a5 10. Qd2 Bd7 11. a4 Nxd4 12. Bxd4 Be6 13. Bxe6 fxe6 14. 0-0 Qc7 15. Nb5 Qc4 16. b3 Qc6 17. Ra2 e5 18. Bf2 d5 19. exd5 Nxd5 20. c3 Nf4 21. Rd1 Ne6 22. Qe3 Nf4 23. Qe4 Rad8 24. Rad2 Qxe4 25. fxe4 Ne2+ 26. Kf1 Rxd2 27. Rxd2 Nc1 28. Rd7 Bh6 29. Kg1 Be3 0-1

[Event "SLO-chT1 West"]
[Site "Sentjur"]
[Date "2009.11.07"]
[Round "8"]
[White "Lazar, Ales Ml"]
[Black "Grilc, Andrej"]
[Result "1/2-1/2"]
[WhiteElo "2135"]
[BlackElo "2109"]
[PlyCount "61"]
[EventDate "2009.10.22"]
[EventType "team-tourn"]
[EventRounds "9"]
[EventCountry "SLO"]
[SourceTitle "EXT 2010"]
[Source "ChessBase"]
[SourceDate "2010.11.25"]
[SourceVersion "1"]
[SourceVersionDate "2010.11.25"]
[SourceQuality "1"]

1. e4 Nf6 2. e5 Nd5 3. d4 d6 4. Nf3 g6 5. Be2 Bg7 6. 0-0 0-0 7. c4 Nb6 8. Nc3 Nc6 9. exd6 cxd6 10. Be3 Bg4 11. b3 d5 12. c5 Nc8 13. Rc1 e6 14. h3 Bxf3 15. Bxf3 N8e7 16. Ne2 Nf5 17. Qd2 Nh4 18. Bh6 Nxf3+ 19. gxf3 Bxh6 20. Qxh6 Qf6 21. Qe3 e5 22. dxe5 Nxe5 23. Kg2 Rfe8 24. Qf4 Qa6 25. Qd2 Rad8 26. Nd4 Qf6 27. Rfe1 a6 28. Re2 Nc6 29. Rxe8+ Rxe8 30. Nxc6 bxc6 31. Re1 1/2-1/2

[Event "SLO-chT1 West"]
[Site "Sentjur"]
[Date "2009.11.06"]
[Round "6"]
[White "Grilc, Andrej"]
[Black "Cetina, Klemen"]
[Result "1-0"]
[WhiteElo "2109"]
[BlackElo "2183"]
[PlyCount "47"]
[EventDate "2009.10.22"]
[EventType "team-tourn"]
[EventRounds "9"]
[EventCountry "SLO"]
[SourceTitle "EXT 2010"]
[Source "ChessBase"]
[SourceDate "2010.11.25"]
[SourceVersion "1"]
[SourceVersionDate "2010.11.25"]
[SourceQuality "1"]

1. e4 c5 2. Nf3 d6 3. d4 cxd4 4. Nxd4 Nf6 5. Nc3 g6 6. Be3 Bg7 7. Qd2 0-0 8. f3 Nc6 9. Bc4 Bd7 10. 0-0-0 Rc8 11. Bb3 Ne5 12. h4 h5 13. Bg5 Rc5 14. g4 Nxf3 15. Nxf3 Bxg4 16. Qe3 Qa5 17. Bxf6 Bxf6 18. Nd5 Kg7 19. Nxf6 Kxf6 20. Qh6 Rfc8 21. Rhf1 Rxc2+ 22. Bxc2 Qxa2 23. Nd4+ Bf5 24. Rxf5# 1-0

[Event "SLO-chT1 West"]
[Site "Sentjur"]
[Date "2009.10.24"]
[Round "3"]
[White "Grilc, Andrej"]
[Black "Mazej, Jernej"]
[Result "0-1"]
[WhiteElo "2109"]
[BlackElo "2070"]
[PlyCount "54"]
[EventDate "2009.10.22"]
[EventType "team-tourn"]
[EventRounds "9"]
[EventCountry "SLO"]
[SourceTitle "EXT 2010"]
[Source "ChessBase"]
[SourceDate "2010.11.25"]
[SourceVersion "1"]
[SourceVersionDate "2010.11.25"]
[SourceQuality "1"]

1. e4 c6 2. d4 g6 3. Nc3 Bg7 4. Be3 d5 5. Qd2 dxe4 6. Nxe4 Nd7 7. Bc4 Ngf6 8. Ng5 0-0 9. Ne2 Nb6 10. Bd3 Nbd5 11. c4 Nxe3 12. fxe3 e5 13. 0-0 Ng4 14. h3 Qxg5 15. hxg4 exd4 16. Nf4 dxe3 17. Qxe3 Bxg4 18. Qg3 Rae8 19. Rae1 Bxb2 20. Nh3 Qc5+ 21. Kh1 Bxh3 22. gxh3 Be5 23. Qf3 Re7 24. Re4 Bg7 25. Kg2 Rfe8 26. Rfe1 Qg5+ 27. Kf2 Bd4+ 0-1

[Event "SLO Cup"]
[Site "Otocec"]
[Date "2009.05.24"]
[Round "5"]
[White "Budkovic, Tine"]
[Black "Grilc, Andrej"]
[Result "0-1"]
[WhiteElo "2086"]
[BlackElo "2126"]
[PlyCount "86"]
[EventDate "2009.05.22"]
[EventType "team-tourn"]
[EventRounds "5"]
[EventCountry "SLO"]
[SourceTitle "CBM 130 Extra"]
[Source "ChessBase"]
[SourceDate "2009.07.02"]
[SourceVersion "2"]
[SourceVersionDate "2009.07.15"]
[SourceQuality "1"]

1. e4 Nf6 2. e5 Nd5 3. d4 d6 4. exd6 cxd6 5. c4 Nb6 6. Nc3 g6 7. Be3 Bg7 8. Bd3 0-0 9. Qb3 Nc6 10. Nge2 a5 11. a3 a4 12. Qc2 e5 13. d5 Ne7 14. Bxb6 Qxb6 15. Nxa4 Qa7 16. Nac3 f5 17. Nb5 Qb6 18. Nec3 e4 19. Be2 Bd7 20. 0-0 Rfc8 21. Qd2 Be5 22. Kh1 Kg7 23. Rab1 Ng8 24. f4 exf3 25. gxf3 f4 26. Bd3 Nf6 27. Qf2 Qd8 28. Rbc1 Nh5 29. Ne4 Bh3 30. Rg1 Bf5 31. Ng5 Ng3+ 32. Rxg3 fxg3 33. Qe3 Qf6 34. Bxf5 Qxf5 35. Ne6+ Kg8 36. f4 Bxb2 37. Rg1 gxh2 38. Rg2 Rxc4 39. Qe2 Rac8 40. Kxh2 Bg7 41. Nxg7 Qxf4+ 42. Rg3 Kxg7 43. Nxd6 Qh4+ 0-1

[Event "SLO Cup"]
[Site "Otocec"]
[Date "2009.05.22"]
[Round "1"]
[White "Cimer, Stefan"]
[Black "Grilc, Andrej"]
[Result "1/2-1/2"]
[WhiteElo "2150"]
[BlackElo "2126"]
[PlyCount "106"]
[EventDate "2009.05.22"]
[EventType "team-tourn"]
[EventRounds "5"]
[EventCountry "SLO"]
[SourceTitle "CBM 130 Extra"]
[Source "ChessBase"]
[SourceDate "2009.07.02"]
[SourceVersion "2"]
[SourceVersionDate "2009.07.15"]
[SourceQuality "1"]

1. d4 Nf6 2. Nf3 g6 3. c4 Bg7 4. Nc3 0-0 5. e4 d6 6. Be2 e5 7. 0-0 Nbd7 8. Re1 c6 9. Rb1 Qe7 10. d5 Nc5 11. Qc2 Ncxe4 12. dxc6 Nxc3 13. bxc3 bxc6 14. Qa4 Qc7 15. Nd2 Bf5 16. Rb2 Nd7 17. Nb3 d5 18. Be3 Rfd8 19. Rd1 dxc4 20. Qxc4 Nb6 21. Rxd8+ Rxd8 22. Qa6 Bc8 23. Qa5 Rd5 24. Qb4 Qd8 25. Rd2 Bf8 26. Rxd5 Nxd5 27. Qa5 Qxa5 28. Nxa5 Nxe3 29. fxe3 Bd7 30. Bf3 c5 31. Nc6 a6 32. Bd5 Bd6 33. Nd8 Be8 34. Nb7 Be7 35. Na5 Bd8 36. Nb7 Be7 37. Na5 Kg7 38. Bb7 Bd8 39. Nc4 a5 40. Nxe5 Bf6 41. Nd3 c4 42. Nb2 Bxc3 43. Nxc4 Bb5 44. Bd5 Kf6 45. Kf2 Ke7 46. Ke2 f6 47. Kd3 Bb4 48. h3 h5 49. e4 Be1 50. Ke2 Bg3 51. Ke3 Bc7 52. Kd4 Bg3 53. Kc5 Bxc4 1/2-1/2

[Event "SLO-chT 18th"]
[Site "Murska Sobota"]
[Date "2008.12.13"]
[Round "8"]
[White "Srebrnic, Ana"]
[Black "Grilc, Andrej"]
[Result "1-0"]
[WhiteElo "2290"]
[BlackElo "2120"]
[PlyCount "93"]
[EventDate "2008.12.06"]
[EventType "team-tourn"]
[EventRounds "9"]
[EventCountry "SLO"]
[SourceTitle "CBM 127 Extra"]
[Source "ChessBase"]
[SourceDate "2009.01.08"]
[SourceVersion "2"]
[SourceVersionDate "2009.01.28"]
[SourceQuality "1"]
[WhiteTeam "Nova Gorica"]
[BlackTeam "Sevnica Majcen"]
[WhiteTeamCountry "SLO"]
[BlackTeamCountry "SLO"]

1. d4 Nf6 2. c4 g6 3. Nc3 Bg7 4. e4 d6 5. Be2 0-0 6. Bg5 c5 7. d5 Na6 8. Nf3 Nc7 9. 0-0 a6 10. a4 Rb8 11. a5 b5 12. axb6 Rxb6 13. Qc2 Bd7 14. Bd3 Qb8 15. Rab1 Re8 16. h3 h6 17. Bd2 e5 18. Na2 Qa7 19. b4 Rbb8 20. bxc5 dxc5 21. Rxb8 Qxb8 22. Rb1 Qc8 23. Ne1 Nh5 24. Qc1 Kh7 25. Qa3 Bf8 26. Qb3 Nf4 27. Qb7 Qd8 28. Bf1 Bc8 29. Qc6 Bd7 30. Qb6 Qc8 31. Ba5 Na8 32. Qa7 Bd6 33. Rb7 Re7 34. Nc1 Kg7 35. Ncd3 Kf8 36. Nxf4 exf4 37. Bc3 Qe8 38. Nf3 Ba4 39. e5 Rxb7 40. Qxb7 Be7 41. d6 Bg5 42. Nxg5 hxg5 43. e6 Bc6 44. e7+ Kg8 45. Qxa6 Qd7 46. Bf6 g4 47. hxg4 1-0

[Event "SLO-chT 18th"]
[Site "Murska Sobota"]
[Date "2008.12.12"]
[Round "7"]
[White "Grilc, Andrej"]
[Black "Kos, Toni"]
[Result "1/2-1/2"]
[WhiteElo "2120"]
[BlackElo "2328"]
[PlyCount "73"]
[EventDate "2008.12.06"]
[EventType "team-tourn"]
[EventRounds "9"]
[EventCountry "SLO"]
[SourceTitle "CBM 127 Extra"]
[Source "ChessBase"]
[SourceDate "2009.01.08"]
[SourceVersion "2"]
[SourceVersionDate "2009.01.28"]
[SourceQuality "1"]
[WhiteTeam "Sevnica Majcen"]
[BlackTeam "Krsko Triglav"]
[WhiteTeamCountry "SLO"]
[BlackTeamCountry "SLO"]

1. e4 d6 2. d4 Nc6 3. Nf3 Nf6 4. Nc3 Bg4 5. Bb5 a6 6. Bxc6+ bxc6 7. h3 Bxf3 8. Qxf3 e6 9. Bg5 Be7 10. Bxf6 gxf6 11. d5 Qb8 12. b3 cxd5 13. exd5 f5 14. dxe6 fxe6 15. 0-0 Kd7 16. Rad1 Bf6 17. Na4 Qb5 18. Rfe1 Rae8 19. Qh5 Re7 20. Qh6 Bg7 21. Qh5 Qc6 22. c4 Bf6 23. Qe2 Rg8 24. g3 f4 25. g4 h5 26. f3 hxg4 27. hxg4 Rh8 28. Kg2 Rh4 29. Kg1 Rh3 30. Rd3 Rg3+ 31. Kf1 e5 32. Qe4 Qxe4 33. Nc5+ Kc6 34. Nxe4 Bh4 35. Nxg3 Bxg3 36. Re2 Rh7 37. Rg2 1/2-1/2